Catálogo público

Sistema agroindustrial banano (Musa paradisiaca) / (Record no. 178308)

MARC details
000 -CABECERA
campo de control de longitud fija 01907nam a2200385Ia 4500
001 - NÚMERO DE CONTROL
campo de control dia_7055
003 - IDENTIFICADOR DEL NÚMERO DE CONTROL
campo de control CHAP
005 - FECHA Y HORA DE LA ÚLTIMA TRANSACCIÓN
campo de control 20240514111741.0
007 - CAMPO FIJO DE DESCRIPCIÓN FÍSICA--INFORMACIÓN GENERAL
campo de control de longitud fija ta
008 - DATOS DE LONGITUD FIJA--INFORMACIÓN GENERAL
campo de control de longitud fija 220117s2018 mx abdofr 001 0 spa d
040 ## - FUENTE DE LA CATALOGACIÓN
Centro/agencia transcriptor CHAP
Centro catalogador/agencia de origen mxchpua
090 ## - LOCALMENTE ASIGNADO TIPO-LC NÚMERO DE CLASIFICACIÓN (OCLC); NÚMERO DE CLASIFICACIÓN LOCAL (RLIN)
Número de clasificación (OCLC) (R) ; Numero de clasificación, CALL (RLIN) (NR) T.C.759
Número cutter local (OCLC) ; Número de libro/Signatura topográfica íntegra, CALL (RLIN) L67 SAI
Año 2018
245 10 - MENCIÓN DE TÍTULO
Título Sistema agroindustrial banano (Musa paradisiaca) /
Mención de responsabilidad, etc. coordinador Vicente López Bautista ; colaboradores Jesús Heriberto Hernández Antonio...[et al.]
260 ## - PUBLICACIÓN, DISTRIBUCIÓN, ETC.
Lugar de publicación, distribución, etc. México :
Nombre del editor, distribuidor, etc. El autor,
Fecha de publicación, distribución, etc. 2018
300 ## - DESCRIPCIÓN FÍSICA
Extensión 72 hojas :
Otras características físicas ilustraciones, mapas, gráficas, diagramas, tablas, fotos +
336 ## - TIPO DE CONTENIDO
Fuente rdacontent
Término de tipo de contenido texto
Código de tipo de contenido txt
337 ## - TIPO DE MEDIO
Fuente rdamedia
Nombre/término del tipo de medio no mediado
Código del tipo de medio n
338 ## - TIPO DE SOPORTE
Fuente rdacarrier
Nombre/término del tipo de soporte volumen
Código del tipo de soporte nc
500 ## - NOTA GENERAL
Nota general 6° año --<br/>El CD contiene reporte --<br/>Directorio: h. 57
502 ## - NOTA DE TESIS
Nota de tesis Viaje de Estudios
Tipo de título (SAI) --
Nombre de la institución que otorga el título UACh. Departamento de Ingeniería Agroindustrial,
Año de obtención del título 2018
504 ## - NOTA DE BIBLIOGRAFÍA, ETC.
Nota de bibliografía, etc. Bibliografía: hojas 53-54
505 ## - NOTA DE CONTENIDO CON FORMATO
Nota de contenido con formato Empresas visitadas --<br/>
Título 1.Las Pampitas, S.P.R. de R.L. --<br/>2.Asociación Agrícola de Productores del Plátano del Soconusco, A.C. --<br/>3. Bananeros de la Frontera --<br/>4. Sector de Producción Mazatán --<br/>5. Huehuetán --<br/>6. Asociación agrícola de productos de plátano --<br/>7. FIRA --<br/>8. SAGARPA --<br/>9. Rancho San José Morelia --<br/>10. Bananera Concordia --<br/>11. Aeródromo Santo Tomas --<br/>12. Aeródromo Marte R. Gómez
650 13 - PUNTO DE ACCESO ADICIONAL DE MATERIA--TÉRMINO DE MATERIA
Término de materia o nombre geográfico como elemento de entrada Bananos
Subdivisión general Industria y comercio
9 (RLIN) 152315
Subdivisión geográfica México
650 13 - PUNTO DE ACCESO ADICIONAL DE MATERIA--TÉRMINO DE MATERIA
Término de materia o nombre geográfico como elemento de entrada Bananas
Subdivisión general Industry and trade
9 (RLIN) 152314
Subdivisión geográfica Mexico
700 1# - PUNTO DE ACCESO ADICIONAL--NOMBRE DE PERSONA
Nombre de persona López Bautista, Vicente
9 (RLIN) 147030
Término indicativo de función/relación coordinador
700 1# - PUNTO DE ACCESO ADICIONAL--NOMBRE DE PERSONA
Nombre de persona Hernández Antonio, Jesús Heriberto
9 (RLIN) 162882
Término indicativo de función/relación colaborador
856 41 - LOCALIZACIÓN Y ACCESO ELECTRÓNICOS
Identificador Uniforme del Recurso <a href="http://10.13.5.2/ve/TC759SAI/TC759SAI2018-REPORTE.pdf">http://10.13.5.2/ve/TC759SAI/TC759SAI2018-REPORTE.pdf</a>
Texto de enlace DESCARGAR REPORTE
942 ## - ELEMENTOS DE PUNTO DE ACCESO ADICIONAL (KOHA)
Fuente del sistema de clasificación o colocación Clasificación Universidad Autónoma de Chapingo
901 ## - ELEMENTOS DE DATOS A LOCAL LDA (RLIN)
a T.C.759 L67 SAI 2018
902 ## - ELEMENTOS DE DATOS B LOCAL, LDB (RLIN)
a M
905 ## - ELEMENTOS DE DATOS E LOCAL, LDE (RLIN)
a 5232272018 mx dnml8223123322spa16
942 ## - ELEMENTOS DE PUNTO DE ACCESO ADICIONAL (KOHA)
Tipo de ítem Koha Viaje de Estudios
Holdings
Estado de retiro Estado de pérdida Fuente del sistema de clasificación o colocación Estado dañado Restricciones de uso No para préstamo Código de colección Localización permanente Ubicación/localización actual Fecha de adquisición Fuente de adquisición Total de préstamos Signatura topográfica completa Código de barras Fecha visto por última vez Número de copia Precio válido a partir de Tipo de ítem Koha Fecha del último préstamo Ubicación en estantería
    Clasificación Universidad Autónoma de Chapingo   Préstamo interno   Viajes de Estudio Ingenieria Agroindustrial Ingenieria Agroindustrial 18/01/2022 El autor   T.C.759 L67 SAI 2018 1106011851 18/01/2022 Ej. 2 18/01/2022 CD    
    Clasificación Universidad Autónoma de Chapingo   Préstamo interno   Viajes de Estudio Ingenieria Agroindustrial Ingenieria Agroindustrial 18/01/2022 El autor 1 T.C.759 L67 SAI 2018 1106011850 26/01/2026 Ej. 1 18/01/2022 Viaje de Estudios 24/10/2022  
    Clasificación Universidad Autónoma de Chapingo       Viajes de estudio - En línea Ingenieria Agroindustrial Ingenieria Agroindustrial 14/05/2024 El autor   T.C.759 L67 SAI 2018 1206011850 14/05/2024   14/05/2024 Viajes de Estudio - En línea   En línea